تعليم القراءة والكتابة فى مناطق التداخل اللغوى فى دار نور (السودان) /
Saved in:
| 主要作者: | |
|---|---|
| 其他作者: | |
| 格式: | Thesis |
| 语言: | Arabic |
| 出版: |
الخرطوم
: معهد الخرطوم الدولى للغة العربية،
1988
|
| 主题: | |
| 标签: |
添加标签
没有标签, 成为第一个标记此记录!
|
| LEADER | 013760000a22002890004500 | ||
|---|---|---|---|
| 001 | 88936 | ||
| 005 | 20021114231700.0 | ||
| 008 | 940201s1988 ara | ||
| 035 | |a 295264 | ||
| 035 | |a (Sirsi) 88936 | ||
| 040 | |a UIAM |b eng | ||
| 049 | |b m | ||
| 050 | |a PJ6068S73 | ||
| 100 | 1 | |a سوار، صفيه محمد أحمد | |
| 245 | 1 | 0 | |a تعليم القراءة والكتابة فى مناطق التداخل اللغوى فى دار نور (السودان) / |c اعداد صفية محمد أحمد سوار؛ اشراف توحيدة عثمان حضرة. |
| 246 | 1 | 4 | |a Ta'lim al-qira'ah wa-al-kitabah fi manatiq al-tadakhul al-lughawi fi Darfur (al-Sudan) / |c i'dad Safiyah Muhammad Ahmad Suwar; ishraf Tawhidah 'Uthman Hadrah |
| 260 | 1 | |a الخرطوم |b : معهد الخرطوم الدولى للغة العربية، |c 1988 | |
| 300 | |a 156, <22> p. | ||
| 502 | |a (M.A.)--Ma'had al-Khurtum al-Dawli lil-Lughat al-'Arabiyah, 1988 | ||
| 596 | |a 1 | ||
| 650 | 0 | |a Arabic language |x Study and teaching (Primary) Sudan - Darfur | |
| 650 | 0 | |a Arabic language |x Study and teaching (Primary) |z Sudan | |
| 655 | 0 | 7 | |a Theses, non-IIUM |
| 700 | 1 | |a Suwar, Safiyah Muhammad Ahmad | |
| 900 | |a mas-abu-naw | ||
| 999 | |c 430566 |d 462057 | ||
| 952 | |0 0 |6 T PJ 006068 S73S967T |7 0 |8 THESES |9 749835 |a IIUM |b IIUM |c MULTIMEDIA |g 0.00 |o t PJ6068S73S967T |p 00000295270 |r 2017-10-20 |t 1 |v 0.00 |y THESIS | ||
